000 00645 a2200193 4500
010 _aENG-85379
020 _a8183140432
_c300.00
035 _aEN-68912
037 _bD.B.Act / Pub
082 1 4 _a270
090 _c2186
_d2186
100 1 _aKabley, Haroon S.
245 1 _aSelf discipline in Islam
_cby Lalita Ramakrishna
260 _aNew Delhi
_bAL Hasnat Books
_c2006
270 _a2241, Kucha Chelan, Daryaganj
_bNew Delhi
_e110 002
_k011-23271845,
_mfaisalfaheem@redifmail.com
300 _a360 p.
_c22 cm (Hb.)
942 _adpl
_cEN
_k270 / KAB
999 _c2146
_d2146